Statistics for 15 Largest Cities in the Palestinian Territories🇵🇸

Click here to take the quiz!

General Stats

  • This quiz has been taken 18 times
  • The average score is 4 of 15

Answer Stats

PopulationCity% Correct
410kGaza
94%
160kHebron
82%
130kNablus
71%
126kRafah
47%
428kEast Jerusalem
29%
173kKhan Yunis
29%
168kJabalya
12%
43kQalqilyah
12%
44kTulkarm
12%
38kAl Birah
6%
36kAn Nusayrat
6%
37kBayt Hanun
6%
56kBayt Lahya
6%
59kDayr al Balah
6%
41kYuta
6%

Score Distribution

Percentile by Number Answered

Percent of People with Each Score

Your Score History

You have not taken this quiz